000 00518nam a2200145 i 4500
001 79179
003 ES-MaACL
007 t|
008 041020s1983 sp ||||1| spa d
100 1 _aHernández Guerrero, José Antonio.
_962956
245 1 0 _aCádiz y las generaciones poéticas del 27 y del 36
_b: la revista "Isla" /
_cJosé Antonio Hernández Guerrero.
260 _aCádiz :
_bServicio de Publicaciones de la Universidad de Cádiz,
_c[1983]
300 _a377 p. ;
_c20 cm.
852 _aES-MaACL
_jL-5297
_bR.105768
999 _c79179
_d79179